| 000 | 00366nam a2200145Ia 4500 | ||
|---|---|---|---|
| 999 |
_c523344 _d523344 |
||
| 005 | 20190201135917.0 | ||
| 008 | 190125s9999 xx 000 0 und d | ||
| 040 | _cDLC | ||
| 082 |
_a944.05092 _bROB |
||
| 100 |
_aAndrew Roberts _913552 |
||
| 245 | _aNapolean the Great / | ||
| 260 |
_bPenguin Books _aEngland _c2014 |
||
| 300 | _axxxiii, 936p. : | ||
| 942 |
_2ddc _cBK |
||